History and archaeology of the Hot Wells Hotel Site, 41 BX 237 /

Bibliographic Details
Main Author: Fox, Anne A.
Corporate Author: University of Texas at San Antonio. Center for Archaeological Research
Other Authors: Highley, Lynn
Format: Book
Language:English
Published: San Antonio, Tex. : Center for Archaeological Research, University of Texas at San Antonio, 1985.
Series:Archaeological survey report (San Antonio, Tex.) ; no. 152.
Subjects:

MARC

Tag First Indicator Second Indicator Subfields
LEADER 00000cam a2200000Ia 4500
001 in00002372521
005 20151109041947.0
008 860117s1985 txuab b s000 0 eng d
035 |a (OCoLC)ocm13036089 
035 |a (OCoLC)13036089 
040 |a TXJ  |c TXJ  |d WIH  |d TXA  |d UtOrBLW 
043 |a n-us-tx 
049 |a TXAM 
090 |a F394.S21147  |b F685 1985 
100 1 |a Fox, Anne A. 
245 1 0 |a History and archaeology of the Hot Wells Hotel Site, 41 BX 237 /  |c Anne A. Fox and Cheryl Lynn Highley. 
264 1 |a San Antonio, Tex. :  |b Center for Archaeological Research, University of Texas at San Antonio,  |c 1985. 
300 |a iii, 44 pages :  |b illustrations, maps ;  |c 28 cm. 
336 |a text  |b txt  |2 rdacontent 
337 |a unmediated  |b n  |2 rdamedia 
338 |a volume  |b nc  |2 rdacarrier 
490 1 |a Archaeological survey report ;  |v no. 152 
504 |a Bibliography: pages 39-44. 
651 0 |a Hot Wells Hotel site (San Antonio, Tex.) 
651 0 |a San Antonio (Tex.)  |x Antiquities. 
650 0 |a Excavations (Archaeology)  |z Texas  |z Bexar County. 
650 0 |a Resorts  |z Texas  |z San Antonio  |x History. 
700 1 |a Highley, Lynn. 
710 2 |a University of Texas at San Antonio.  |b Center for Archaeological Research. 
830 0 |a Archaeological survey report (San Antonio, Tex.) ;  |v no. 152. 
994 |a C0  |b TXA 
948 |a cataloged  |b h  |c 2008/4/4  |d c  |e blrosas  |f 10:04:54 am 
999 |a MARS 
999 f f |s 0fdb5f44-c1f1-3753-bb8f-59e647dabdda  |i 19617528-7207-33fe-aee5-218c94e14fd8  |t 0 
952 f f |p ric  |a Texas A&M University  |b Rellis Campus  |c Joint Library Facility  |d Remote Storage  |t 0  |e F394.S21147 F685 1985  |h Library of Congress classification  |i unmediated -- volume  |m A14837156619 
998 f f |a F394.S21147 F685 1985  |t 0  |l Remote Storage